• 首页
  • 本馆介绍
  • 公告通知
  • 最新文献
  • 馆藏检索
  • 电子资源
  • 读者导购
  • 参考咨询
  • 我的图书馆
  • 登录
  • 详细信息显示
  • 放入我的书架
  • 预约/预借图书
  • 作者相关作品
  • 分类相关作品
  • 丛书相关作品
  • 出版社相关作品

书目信息

  • 表格格式
  • 工作单格式
  • 卡片格式
题名:
特殊场合摄影
    
 
作者: 乔纳森·希尔顿 编著 ;薛林 , 杨丽杰 译
分册:  
出版信息: 沈阳   辽宁美术出版社  2000
页数: 160页
开本: 26cm
丛书名: 专业摄影系列
单 册:
中图分类: J413
科图分类:
主题词: 摄影技术--普及读物 , 摄影艺术--各种
电子资源:
ISBN: 7-5314-2334-0
000 00763nam0 2200253 45
001 0304230025
005 20031219104109.7
010    @a7-5314-2334-0@dCNY90.00
100    @a20030423d2000 km y0chiy0120 ea
101 0  @achi
105    @aa z 000yy
200 1  @a特殊场合摄影@ATe Shu Chang He She Ying@f乔纳森·希尔顿编著@FQiao Na Sen·Xi Er Dun Bian Zhu@g薛林,杨丽杰译
210    @a沈阳@c辽宁美术出版社@d2000
215    @a160页@c彩图@d26cm
225    @a专业摄影系列
410    @12001 @a专业摄影系列
606 0  @a摄影技术@x普及读物
606 0  @a摄影艺术@x各种
690    @aJ413@v4
701  0 @a乔纳森·希尔顿@4编著
702  0 @a薛林@AXue Lin@4译
702  0 @a杨丽杰@AYang Li Jie@4译
801    @aCN@bTSTC@c20030423
905    @b323152-153@dJ413@e151@f2
    
    特殊场合摄影/乔纳森·希尔顿编著/薛林,杨丽杰译.-沈阳:辽宁美术出版社,2000
    160页:彩图;26cm.-(专业摄影系列)
    
    
    ISBN 7-5314-2334-0:CNY90.00
    
●
相关链接 在E读中查询图书 在五车中查询图书 在当当中查询图书 在豆瓣中查询图书


正题名:特殊场合摄影     索取号:J413/151         预约/预借

序号 登录号 条形码 馆藏地/架位号 状态 备注
1 0323152   203231528   第一借阅区/ [索取号:J413/151] 在馆    
2 0323153   203231537   第一样本阅览室/ [索取号:J413/151] 在馆    
唐山师范学院图书馆 欢迎您!
大连网信软件有限公司© 版权所有